000 00636nam a22001817a 4500
003 UA-OsUOA
001 8940
007 ta
008 20041008b un ||||| |||| 00| 0 ukr d
100 _aТарнавська М.
942 _cSA
040 _aUA-OsUOA
_cUA-OsUOA
_dUA-OsUOA
245 _aУ колі світових літератур : вийшов у світ англомовний журнал української літерватури
300 _aС.7
955 _a0
773 0 _w0
_tЛітературна Украіна
_dКиїв
_d2004
_g№38
650 7 _aУкраїнське літературознавство
_2UDC
999 _c295101
_d295101